European Capitals - Sudden Death - Statistics

General Stats
  • This quiz has been taken 218,127 times
    214,017 since last reset
  • The average score is 14 of 24
Answers on the Grid
Answers color-coded by a green-red scale on the quiz's grid according to % correct below.
Antwerp
Athens
Basel
Belgrade
Bern
Brno
Budapest
Chișinău
Cologne
Constanța
Copenhagen
Dublin
Glasgow
Gothenburg
Hamburg
Heraklion
Helsinki
Istanbul
Krakow
Ljubljana
London
Luxembourg
Marseille
Milan
Minsk
Munich
Podgorica
Porto
Reykjavík
Rotterdam
Sarajevo
Sofia
Split
St. Petersburg
Stockholm
Tallinn
Tirana
Vaduz
Valletta
Venice
Vienna
Vilnius
Volgograd
Zagreb
Zurich
 
Answer Stats
Answer % Correct
Athens
92%
Budapest
83%
Dublin
81%
Copenhagen
78%
Belgrade
70%
Helsinki
70%
Bern
68%
London
67%
Luxembourg
60%
Sofia
58%
Vienna
58%
Chișinău
57%
Stockholm
54%
Ljubljana
53%
Reykjavík
53%
Sarajevo
53%
Tallinn
53%
Minsk
52%
Tirana
51%
Vilnius
51%
Zagreb
51%
Podgorica
45%
Vaduz
44%
Valletta
44%
No matching quizzes found
Score Distribution
Percent of People with Each Score
Percentile by Number Answered
Your Score History
You have not taken this quiz since the last reset